Strategie a nástroje regionální politiky v procesu transformace.

Prechod na trhovú ekonomiku vytvára predpoklady pre skutočné uplatnenie regionálnej politiky. Konštituovanie regionálnej politiky v českej ekonomike. Teoretická základňa orientácie regionálnej politiky v procese transformácie českej ekonomiky. Charakteristika stratégie regionálnej politiky a nástroj...

Descripción completa

Guardado en:
Detalles Bibliográficos
Autor principal: Hučka, Miroslav
Formato: Capítulo de libro
Lenguaje:checo
Materias:
Etiquetas: Agregar Etiqueta
Sin Etiquetas, Sea el primero en etiquetar este registro!

MARC

LEADER 00000naa a2200000 4500
001 r011387
005 20220826093828.8
041 0 |a cze 
044 |a [CS] 
245 1 0 |a Strategie a nástroje regionální politiky v procesu transformace.  |c Miroslav Hučka 
520 |a Prechod na trhovú ekonomiku vytvára predpoklady pre skutočné uplatnenie regionálnej politiky. Konštituovanie regionálnej politiky v českej ekonomike. Teoretická základňa orientácie regionálnej politiky v procese transformácie českej ekonomiky. Charakteristika stratégie regionálnej politiky a nástrojov regionálnej politiky. 
610 2 0 |a politika regionálna 
610 2 0 |a Čechy 
610 2 0 |a transformácia 
610 2 0 |a regióny 
610 2 0 |a rozvoj regionálny 
610 2 0 |a makroekonomika 
610 2 0 |a mikroekonomika 
100 1 |a Hučka, Miroslav